The metaphorical brain : an introduction to cybernetics as artificial intelligence and brain theory /

Guardado en:
Autor Principal: Arbib, Michael A.
Otros Autores: Lecci, Auro. (Ilustrador)
Formato: Libro
Idioma:English
Publicado: New York : Wiley-Interscience, c1972.
Etiquetas: Agregar Etiqueta
Sin Etiquetas, Sea el primero en etiquetar este registro!
LEADER 00622cam a22001695 4500
001 MAT.inmabb002044
008 720417s1972####nyua#####b####001#0#eng#d
005 20170427153717.0
245 1 4 |a The metaphorical brain :  |b an introduction to cybernetics as artificial intelligence and brain theory /  |c Michael A. Arbib ; illustrated by Auro Lecci. 
260 |a New York :  |b Wiley-Interscience,  |c c1972. 
300 |a xii, 243 p. :  |b il. ;  |c 26 cm. 
504 |a Bibliografía: p. 226-235. 
020 |a 0471032492 
100 1 |a Arbib, Michael A. 
700 1 |a Lecci, Auro.  |4 ill 
010 |a  72002490  
859 |h 68  |i Ar664  |p A-3692  |b BIB. MATEMATICA